| 000 | 00444nam a2200169 a 4500 | ||
|---|---|---|---|
| 005 | 20140310183226.0 | ||
| 008 | 040310s19uu xx 00 eng d | ||
| 020 | _a0590877518 | ||
| 050 |
_aPZ 7 _b.Ap648 1999 |
||
| 100 | _aApplegate, K.A. | ||
| 245 |
_aEver World : _bland of loss / _cK.A. Applegate. |
||
| 260 |
_aNew York : _bScholastic Inc, _c1999. |
||
| 300 |
_a185p. : _c17cm. |
||
| 650 | _aFiction | ||
| 942 |
_cBK _2lcc |
||
| 999 |
_c20406 _d20406 |
||